Clean code : (Record no. 23886)

MARC details
000 -LEADER
fixed length control field 01109cam a22002535a 4500
001 - CONTROL NUMBER
control field 15315370
005 - DATE AND TIME OF LATEST TRANSACTION
control field 20170111130907.0
008 - FIXED-LENGTH DATA ELEMENTS--GENERAL INFORMATION
fixed length control field 080604t2009 njua frb 001 0 eng d
020 ## - INTERNATIONAL STANDARD BOOK NUMBER
International Standard Book Number 0132350882
020 ## - INTERNATIONAL STANDARD BOOK NUMBER
International Standard Book Number 9780132350884
040 ## - CATALOGING SOURCE
Original cataloging agency DLC
Transcribing agency DLC
Modifying agency DLC
-- EG-ScBUE
Language of cataloging eng
082 04 - DEWEY DECIMAL CLASSIFICATION NUMBER
Edition number 22
Classification number 005.1
Item number CLE
245 00 - TITLE STATEMENT
Title Clean code :
Remainder of title a handbook of agile software craftsmanship /
Statement of responsibility, etc Robert C. Martin ... [et al.]
260 ## - PUBLICATION, DISTRIBUTION, ETC. (IMPRINT)
Place of publication, distribution, etc Upper Saddle River :
Name of publisher, distributor, etc Prentice Hall,
Date of publication, distribution, etc c.2009.
300 ## - PHYSICAL DESCRIPTION
Extent xxix, 431 p. :
Other physical details ill. ;
Dimensions 24 cm.
504 ## - BIBLIOGRAPHY, ETC. NOTE
Bibliography, etc Includes bibliographical references and index.
505 0# - FORMATTED CONTENTS NOTE
Formatted contents note Clean code -- Meaningful names -- Functions -- Comments -- Formatting -- Objects and data structures -- Error handling -- Boundaries -- Unit tests -- Classes -- Systems -- Emergence -- Concurrency -- Successive refinement -- Junit internals -- Refactoring serialdate -- Smells and heuristics.
650 #7 - SUBJECT ADDED ENTRY--TOPICAL TERM
Topical term or geographic name as entry element Agile software development.
Source of heading or term BUEsh
9 (RLIN) 4807
650 #7 - SUBJECT ADDED ENTRY--TOPICAL TERM
Topical term or geographic name as entry element Computer software
General subdivision Reliability.
Source of heading or term BUEsh
9 (RLIN) 18120
651 ## - SUBJECT ADDED ENTRY--GEOGRAPHIC NAME
Source of heading or term BUEsh
653 ## - INDEX TERM--UNCONTROLLED
Resource For college Informatics and Computer Science
Arrived date list January2017
700 1# - ADDED ENTRY--PERSONAL NAME
Personal name Martin, Robert C.
942 ## - ADDED ENTRY ELEMENTS (KOHA)
Source of classification or shelving scheme Dewey Decimal Classification
Holdings
Withdrawn status Item status Source of classification or shelving scheme Damaged status Not for loan Vendor Home library Current library Shelving location Date acquired Source of acquisition Cost, normal purchase price Serial Enumeration / chronology Total Checkouts Total Renewals Full call number Barcode Checked out Date last seen Date last borrowed Cost, replacement price Koha item type
    Dewey Decimal Classification     Scientific home BookShop Central Library Central Library Lower Floor 11/01/2017 Purchase 320.00 2691 10 118 005.1 CLE 000040863 18/05/2026 11/11/2025 11/11/2025 400.00 Book - Borrowing